000 00632nam a22001937a 4500
005 20220322143615.0
008 220322b ||||| |||| 00| 0 eng d
020 _a9788195359325
040 _cAL
041 _aKannada
082 _223
_aK894.8
_bSHEH
100 _aM S Shekhar ಎಂ ಎಸ್ ಶೇಖರ್
_925045
245 _aHoralu Haadi ಹೊರಳು ಹಾದಿ
260 _aMysuru
_bPallava Prakashana ಪಲ್ಲವ ಪ್ರಕಾಶನ
_c2021
300 _a154 p.
_bPB
_c21x14 cm.
365 _aBLCR-000132
_b₹128.00
_c
_d₹160.00
_e20%
_f11-03-2022
700 _aSHEKHAR (M S)
_924804
942 _2ddc
_cBK
999 _c221980
_d221980